000 00312nam a22001337a 4500
008 170918b xxu||||| |||| 00| 0 eng d
020 _a9781559344487
041 _aeng
080 _a7
100 _a44
101 _aART
245 _aTHE ART AND PRACTICE OF ARGUMENTATION AND DEBATE
_cHILL,B
942 _2udc
_cBK
999 _c27917
_d27917